Statistics for Movies General Knowledge #3

Click here to take the quiz!

General Stats

  • This quiz has been taken 15,962 times
    (8,959 since last reset)
  • The average score is 11 of 20

Answer Stats

Question Answer % Correct
Who did Brad Pitt dump for Angelina Jolie?Jennifer Aniston
86%
Who once enjoyed eating human liver, fava beans, and a nice chianti?Hannibal Lecter
83%
Who did Meryl Streep portray in the movie "The Iron Lady"?Margaret Thatcher
79%
What real-life person was the subject of the movie "The Social Network"?Mark Zuckerberg
79%
What country did the Von Trapp family flee to?Switzerland
75%
Who starred as identical twins in the 1998 remake of "The Parent Trap"?Lindsay Lohan
75%
Who was the main actress in "Legally Blonde"?Reese Witherspoon
70%
What sculpture appeared at the end of the movie "Planet of the Apes"?The Statue of Liberty
70%
What was Paul Blart's job?Mall Cop
68%
What movie featured the song "The Time Warp"?The Rocky Horror
Picture Show
55%
What movie is about an a cappella girl's group called The Barden Bellas?Pitch Perfect
52%
Who does Mothra often do battle with?Godzilla
48%
In what movie did Will Ferrell say "We're gonna skate to one song and one song only"?Blades of Glory
47%
What movie starred actors Cruise and Cruz?Vanilla Sky
42%
What is the highest prize awarded at the Cannes Film Festival?{Palme} d'Or
41%
In 2010, Kathryn Bigelow became the first woman to win an Oscar for Best Director.
What movie did she win for?
The Hurt Locker
40%
What Academy Award winning actor died of a heroin overdose in 2014?Philip Seymour Hoffman
39%
What singer starred as a man with boobs in the movie "Fight Club"?Meat Loaf
34%
What does S stand for in the abbreviated movie title TFIOS?Stars
26%
In what movie did John Cusack serenade a girl by holding a boom box above his head?Say Anything
26%

Score Distribution

Percentile by Number Answered

Percent of People with Each Score

Your Score History

You have not taken this quiz since the last reset